| 000 | 01154nam a2200325 i 4500 | ||
|---|---|---|---|
| 005 | 20220316235527.0 | ||
| 008 | 121119s2002 mx gs 000 j spa d | ||
| 020 | _a9587040163 | ||
| 040 |
_aCO-BoRNBP _bspa _cCO-BoRNBP _erda |
||
| 041 | _aspa | ||
| 100 |
_aJanosch, _d1931- _eautor |
||
| 245 | 1 | 0 |
_aYo te curaré, dijo el pequeño oso _bla historia de como una vez el pequeño tigre estuvo enfermo _cilustrador, Janosch ; traducción de Regio García Badell |
| 250 | _aPrimera edición | ||
| 264 | 1 |
_aMéxico _bAlfaguara _c2002 |
|
| 300 |
_a47 páginas _bilustraciones a color _c20 cm |
||
| 336 |
_atexto _btxt _2rdacontent |
||
| 337 |
_asin mediación _bn _2rdamedia |
||
| 338 |
_avolumen _bnc _2rdacarrier |
||
| 490 | _aInfantil | ||
| 650 | 1 | 4 |
_aCuentos infantiles alemanes _ySiglo XX _2LEMB |
| 650 | 1 | 4 |
_aLiteratura infantil alemana _ySiglo XX _2LEMB |
| 650 | 1 | 4 |
_aTigres _vCuentos _2LEMB |
| 650 | 1 | 4 |
_aAnimales _vCuentos _2LEMB |
| 650 | 1 | 4 |
_aAmistad _vCuentos _2LEMB |
| 650 | 1 | 4 |
_aEnfermedad _vCuentos _2LEMB |
| 700 | 1 |
_aJanosch, _eilustrador _9126663 |
|
| 700 | 1 |
_aGarcía Badell, Regino, _etraductor _9126664 |
|
| 942 |
_2loc _cBKLIT |
||
| 084 | _aC JAN1 | ||
| 999 |
_c1241 _d1241 |
||